书目信息 |
| 题名: |
移动式发电机
|
|
| 作者: | 李锡林 编 | |
| 分册: | ||
| 出版信息: | 北京 人民铁道出版社 1964 |
|
| 页数: | 116页 | |
| 开本: | 19cm | |
| 丛书名: | ||
| 单 册: | ||
| 中图分类: | TM31 | |
| 科图分类: | ||
| 主题词: | 发电机--职工教育--教材 | |
| 电子资源: | ||
| ISBN: | 15043.1509 | |
| 000 | 00647cam0 2200241 450 | |
| 001 | 0105493486 | |
| 005 | 20080218145613.0 | |
| 010 | @a15043.1509@dCNY0.30 | |
| 091 | @a15043.1509@dCNY0.30 | |
| 100 | @a19971031d1964 em y0chiy0110 ea | |
| 101 | 0 | @achi |
| 102 | @aCN@b110000 | |
| 105 | @ay z 000yy | |
| 106 | @ar | |
| 200 | 1 | @a移动式发电机@9Yi Dong Shi Fa Dian Ji @f李锡林等编@b专著 |
| 210 | @a北京@c人民铁道出版社@d1964 | |
| 215 | @a116页@d19cm | |
| 300 | @a铁路职工专业教材 | |
| 606 | 0 | @a发电机@x职工教育@x教材 |
| 690 | @aTM31@v3 | |
| 701 | 0 | @a李锡林@9li xi lin@4编 |
| 801 | 0 | @aCN@bAiZhiMarc |
| 905 | @aBZT@dTM31@e49@f2@sTM31/49 | |
| 移动式发电机/李锡林等编.-北京:人民铁道出版社,1964 |
| 116页;19cm |
| 铁路职工专业教材 |
| ISBN 15043.1509:CNY0.30 |
| ● |
| 相关链接 |
|
|
|
正题名:移动式发电机
索取号:TM31/49
 
预约/预借
| 序号 | 登录号 | 条形码 | 馆藏地/架位号 | 状态 | 备注 |
| 1 | 2000083450 | 2000083450 | 旧书回溯/ [索取号:TM31/49] | 在馆 | |
| 2 | 2000083451 | 2000083451 | 旧书回溯/ [索取号:TM31/49] | 在馆 |